000 00457nam a2200181Ia 4500
001 22341
005 20260414150824.0
008 260414t2005||||xx |||||||||||||| ||spa||
041 _aESP
082 _a621.31921
_bM12
100 _aMaciel Suárez, Jorge A.
_eAUT
245 0 _aAnálisis y aplicaciones de circuitos electrónicos
_b
260 _c2005
300 _a345 páginas :
_ccm.
650 _aTCA
654 _aCET
942 _cLIB
_dJUS
_fJUS
_2ddc
_n
999 _c22341
_d22341